01083nam a2200181 u 450000100100000000500170001000800410002704000250006808200200009310000360011324501220014926001260027130000210039750400190041850503770043765000530081465000340086700000481720240304144221.0090727s1998 dr r 000 0 spa d aDO-SdBNPbspacBNPHU a306.8742bC118i1 aCáceres Ureña, Francisco I.13aEl incremento de la maternidad adolescente en la República Dominicana 1991-1996 /cFrancisco I. Cáceres Ureñas. aSanto Domingo :bInstituto de Estudios de Población y Desarrollo :bFondo de Población de las Naciones Unidas,c1998. a116 p. ;c21 cm. aBibliografía2 aRiesgos del embarazo en las adolescentes -- Factores condicionantes del embarazo en adolescentes -- Operacionalización del esquema de análisis -- Tendencias y diferenciales de la maternidad en las adolescentes dominicanas -- Cambios recientes en la composición de la población adolescente femenina -- Determinantes de la maternidad en las adolescentes dominicanas. 4aEmbarazo en adolescenteszRepública Dominicana 4aAdolescentesxConducta sexual